Quiz sur la musique francophone VOL8 - Statistiques

Statistiques générales
  • Ce quiz a été pris 15 fois
  • Le résultat moyen est 10 sur 15
Statistiques - réponses
Question Réponse % Correct
Quel groupe français qui chante principalement a cappella du doo-wop rencontre du succès dans les années 1990, avec des tubes comme "Le chat" ou "Le lion est mort ce soir"? Pow Wow
93%
Qui étaient membres du groupe Brigitte? Sylvie Hoarau & Aurélie Saada
93%
Quel titre n'était pas interprété par un boys band? Et c'est parti ...
87%
Laquelle de ces chansons n'a pas été écrite et composée à but caritatif? Un jour au mauvais endroit (2014) par Calogéro et Marie Bastide
87%
Quel album de Niagara porte le nom de "Religion"?
80%
Qui partage les duos "Sobri" et "Sobri 2" dans les années 2000? Leslie & Amine
73%
Quelle chanson n'est pas extraite de la comédie musicale "Starmania"? On ira tous au paradis
73%
Qui interprète le tube "Les filles, les meufs" en 2025? Marguerite
67%
Quelle chanson compte parmi les succès d'Henri Salvador? Syracuse
67%
En 1986 la jeune Elsa interprète le titre de la bande originale du film "La femme de ma vie" dans lequel elle joue. Quel est le titre de cette chanson? T'en vas pas
67%
Qui a participé au dernier album "De l'amour" de Johnny Hallyday? Yodelice, Jeanne Cherhal & Miossec
67%
Quel album est lauréat de l'album de l'année aux Victoires de la musique en 2026?
60%
Complète les paroles de "Mademoiselle chante le blues" de Patricia Kaas : Mademoiselle chante le blues Soyez pas trop jalouses Mademoiselle boit du rouge Mademoiselle chante le blues ... Elle a du gospel dans la voix et elle y croit
47%
Quel est le lien entre Benjamin Biolay et Coralie Clément? Frère et soeur
27%
Quelle chanson a représenté la France à l'Eurovision en 2022? "Fulenn" d'Alvan & Ahez
7%
Aucun quiz correspondant
Distribution des résultats
% des personnes avec chaque résultat
Percentile par nombre de réponses
Votre historique - résultats
Vous n’avez pas pris ce quiz